| 000 | 02664nam a22005417a 4500 | ||
|---|---|---|---|
| 001 | 42835 | ||
| 003 | gtgccic | ||
| 005 | 20250804111631.0 | ||
| 007 | ta | ||
| 008 | 250801b mx ||||| |||| 00| 0 spa d | ||
| 020 | _a9682459435 | ||
| 028 | _b158 | ||
| 040 |
_agtgccic _bspa _cgtgccic _dgtgccic _erda |
||
| 082 | _a691 P438 | ||
| 100 | 1 |
_aVicente Pérez Alamá _cArquitecto _eAutor _qExprofesor de la Facultad de Arquitectura de la UNAM |
|
| 245 |
_aMateriales y procedimientos de construcción : _bApoyos aislados y corridos / _cArq. Pérez Alamá, Vicente |
||
| 264 |
_aMéxico : _bEditorial Trillas ; _c2000. |
||
| 300 |
_a160 p. : _bil. ; _c27 cm |
||
| 336 |
_2rdacontenido _atexto _btxt |
||
| 337 |
_2rdamedio _asin mediación _bn |
||
| 338 |
_2rdasoporte _avolumen _bnc |
||
| 505 | _tCap. 1. APOYOS CORRIDOS, MUROS | ||
| 505 | _t1.1. MÓDULO DE ELASTICIDAD | ||
| 505 | _t1.2. MÓDULO DE CORTANTE DE LA MAMPOSTERÍA | ||
| 505 | _t1.3. FUERZA CORTANTE RESISTIDA POR LA MAMPOSTERÍA | ||
| 505 | _t1.4. RESISTENCIA A FLEXOCOMPRESIÓN EN EL PLANO DEL MURO | ||
| 505 | _t1.5. MAMPOSTERÍA DE PIEDRAS NATURALES | ||
| 505 | _t1.6. MAMPOSTERÍA DE PIEDRAS ARTIFICIALES | ||
| 505 | _t1.7. FLEXOCOMPRESIÓN EN EL PLANO DEL MURO | ||
| 505 | _tCap. 2. MUROS DE CARGA | ||
| 505 | _t2.1. MUROS DE PIEDRA | ||
| 505 | _t2.2. MUROS DE TABIQUE | ||
| 505 | _t2.3. MUROS DE CONCRETO | ||
| 505 | _t2.4. MUROS DE SILLARES | ||
| 505 | _t2.5. MUROS DE CONTENCIÓN O SOSTENIMIENTO | ||
| 505 | _t2.6. MUROS DIVISORIOS | ||
| 505 | _tCap. 3. APOYOS AISLADOS (COLUMNAS) | ||
| 505 | _t3.1. COLUMNAS DE PIEDRA | ||
| 505 | _t3.2. COLUMNAS DE TABIQUE | ||
| 505 | _t3.3. COLUMNA DE CONCRETO ARMADO | ||
| 505 | _t3.4. COLUMNAS DE MADERA | ||
| 505 | _t3.5. COLUMNAS DE ACERO | ||
| 520 | _aEste libro está dirigido, a estudiantes, constructores, maestros, arquitectos e ingenieros en el ejercicio de su profesión; en él se completa todo lo relacionado con los apoyos aislados y corridos (columnas y muros respectivamente). La obra ofrece un panorama completo de la construcción en el sentido de la estructura propiamente, el sostenimiento de la misma y el proceso constructivo más sencillo y prático para su ejecución. Al final de cada capítulo se exponen ejercicios ilustrativos y su solución, para aclarar dudas y ofrecer un mayor entendimiento para el lector, además el procedimiento adoptado por el autor, utilizando los croquis de construcción, ofrecen la expresión más caracterísitca y los detalles más típicos. | ||
| 650 | _aMATERIALES DE CONSTRUCCIÓN | ||
| 650 | _aMUROS DE SEGURIDAD | ||
| 942 |
_2ddc _cBK _n0 |
||
| 945 | _aamlo | ||
| 999 |
_c762 _d762 |
||